[Event "Chennai AICF (Women)"]
[Site "Chennai"]
[Date "2024.03.21"]
[Round "5"]
[White "Franco Valencia, Angela Maria"]
[Black "Uuriintuya, Uurtsaikh"]
[Result "0-1"]
[WhiteElo "2095"]
[BlackElo "2288"]
[PlyCount "94"]
[EventDate "2024.03.18"]
[EventType "tourn"]
[EventRounds "11"]
[EventCountry "IND"]
[SourceTitle "CB13_2024"]
[SourceDate "2024.03.27"]
[SourceVersion "1"]
[SourceVersionDate "2024.03.27"]
[SourceQuality "1"]

1. e4 c5 2. Nf3 Nc6 3. d4 cxd4 4. Nxd4 g6 5. Nxc6 bxc6 6. Bc4 Bg7 7. Nc3 d6 8. Qf3 Nf6 9. e5 dxe5 10. Qxc6+ Bd7 11. Qa6 0-0 12. 0-0 Qc7 13. Bg5 Bc6 14. Bxf6 exf6 15. Nd5 Bxd5 16. Bxd5 Rab8 17. b3 f5 18. c4 e4 19. Rad1 Bc3 20. Rc1 Be5 21. g3 Bd4 22. Kg2 Rfc8 23. Rfd1 Bc5 24. Qf6 Rb6 25. Qg5 Re8 26. Re1 Kg7 27. Re2 Qe5 28. Rce1 h6 29. Qc1 g5 30. Qc2 Qf6 31. g4 fxg4 32. Rxe4 Rxe4 33. Bxe4 Qf4 34. Re2 Rf6 35. Qd2 Qb8 36. Bb1 Qb7+ 37. Kg1 g3 38. hxg3 Qf3 39. Qc2 Qxg3+ 40. Kf1 Qh3+ 41. Kg1 Qg3+ 42. Kf1 Kf8 43. b4 Qh3+ 44. Kg1 Rf4 45. Re4 Rxf2 46. Re8+ Kxe8 47. Qe4+ Kf8 0-1

[Event "Chennai AICF (Women)"]
[Site "Chennai"]
[Date "2024.03.21"]
[Round "6"]
[White "Uuriintuya, Uurtsaikh"]
[Black "Monnisha, GK."]
[Result "1-0"]
[WhiteElo "2288"]
[BlackElo "2202"]
[PlyCount "111"]
[EventDate "2024.03.18"]
[EventType "tourn"]
[EventRounds "11"]
[EventCountry "IND"]
[SourceTitle "CB13_2024"]
[SourceDate "2024.03.27"]
[SourceVersion "1"]
[SourceVersionDate "2024.03.27"]
[SourceQuality "1"]

1. e4 e5 2. Nf3 Nc6 3. Bc4 Nf6 4. d3 Bc5 5. 0-0 a6 6. Nbd2 h6 7. Re1 d6 8. a4 Ba7 9. c3 0-0 10. h3 Ne7 11. Bb3 Ng6 12. Nf1 Be6 13. Bc2 Re8 14. d4 c5 15. a5 cxd4 16. cxd4 Nh7 17. Be3 Ng5 18. Nxg5 hxg5 19. d5 Bd7 20. Ba4 Nf4 21. Bxa7 Rxa7 22. Ne3 Bxa4 23. Rxa4 b5 24. axb6 Qxb6 25. Nc4 Qc5 26. Re3 Rb8 27. g3 Ng6 28. Qc2 Ne7 29. Rc3 Qb5 30. Nxd6 Qxb2 31. Qxb2 Rxb2 32. Nc4 Rb1+ 33. Kg2 f6 34. d6 Ng6 35. Ne3 Nf8 36. Nd5 Rd7 37. Rxa6 Kf7 38. Rc8 Ne6 39. Ne7 Rd1 40. Nd5 Rb1 41. Raa8 Rbb7 42. Ra6 Rb1 43. h4 gxh4 44. gxh4 Rb3 45. f3 Nf4+ 46. Kg3 Ne6 47. Nc3 Nf4 48. Nd5 Ne6 49. Rc3 Rb1 50. Rcc6 Nd4 51. Rc7 Ke6 52. Raa7 Rxc7 53. dxc7 Rg1+ 54. Kf2 Rc1 55. Nb6 Rc2+ 56. Ke3 1-0

[Event "Chennai AICF (Women)"]
[Site "Chennai"]
[Date "2024.03.18"]
[Round "1"]
[White "Chitlange, Sakshi"]
[Black "Uuriintuya, Uurtsaikh"]
[Result "1-0"]
[WhiteElo "2175"]
[BlackElo "2288"]
[PlyCount "124"]
[EventDate "2024.03.18"]
[EventType "tourn"]
[EventRounds "11"]
[EventCountry "IND"]
[SourceTitle "CB13_2024"]
[SourceDate "2024.03.27"]
[SourceVersion "1"]
[SourceVersionDate "2024.03.27"]
[SourceQuality "1"]

1. d4 Nf6 2. c4 g6 3. g3 Bg7 4. Bg2 0-0 5. Nc3 d6 6. Nf3 Nc6 7. 0-0 a6 8. Bf4 Na5 9. Qd3 Rb8 10. e4 b5 11. cxb5 axb5 12. Rfe1 Nh5 13. Bd2 b4 14. Nd5 c5 15. a3 Nc6 16. axb4 Nxd4 17. bxc5 dxc5 18. Nxd4 Bxd4 19. Bc3 e6 20. Ne3 Qf6 21. e5 Qxe5 22. Nc2 Qd6 23. Nxd4 cxd4 24. Qxd4 Qxd4 25. Bxd4 Bd7 26. Ra7 Bb5 27. Ra5 Bc4 28. Rea1 f6 29. f4 Rfd8 30. Bc3 Bd5 31. Bh3 Rb7 32. Ra6 Kf7 33. Ra7 Ng7 34. Rxb7+ Bxb7 35. Ra7 Rd7 36. Kf2 Nf5 37. Bg2 Bc6 38. Rxd7+ Bxd7 39. b4 Nd6 40. Ke3 Ke7 41. Kd3 g5 42. fxg5 fxg5 43. Bd2 g4 44. Bf4 Bb5+ 45. Kd4 Be2 46. Kc5 Nf7 47. b5 e5 48. Bd2 Nd6 49. Bc6 h5 50. b6 Ba6 51. Kd5 Nc4 52. Bg5+ Kf7 53. b7 Nb6+ 54. Kxe5 Nd7+ 55. Bxd7 Bxb7 56. Bf5 Bg2 57. Be4 Bf1 58. Kf5 Be2 59. Bd8 Ke8 60. Bh4 Kd7 61. Kg5 Ke6 62. Bg6 Kd7 1-0

[Event "FIDE World Uni Rapid-B 1st"]
[Site "Tornelo INT"]
[Date "2021.03.21"]
[Round "10"]
[White "Owen, Michael1111"]
[Black "Uuriintuya, Uurtsaikh"]
[Result "0-1"]
[WhiteElo "1991"]
[BlackElo "2288"]
[PlyCount "80"]
[EventDate "2021.03.20"]
[EventType "swiss (rapid)"]
[EventRounds "12"]
[EventCountry "NET"]
[SourceTitle "CBM 201 Extra"]
[Source "ChessBase"]
[SourceDate "2021.05.31"]
[SourceVersion "1"]
[SourceVersionDate "2021.05.31"]
[SourceQuality "1"]

1. e4 c5 2. Nf3 g6 3. d4 cxd4 4. Nxd4 Bg7 5. c4 Nc6 6. Be3 Nf6 7. Nc3 0-0 8. f3 d6 9. Qd2 Bd7 10. Be2 Nxd4 11. Bxd4 Bc6 12. 0-0 a5 13. b3 Nd7 14. Be3 Nc5 15. Rab1 e6 16. Rfc1 Be5 17. Bf1 Qh4 18. g3 Qe7 19. Bg2 f5 20. f4 Bxc3 21. Qxc3 Nxe4 22. Bxe4 Bxe4 23. Rb2 Rac8 24. Qxa5 e5 25. Rd1 g5 26. fxe5 dxe5 27. Re1 h6 28. Bc1 Qe6 29. Rd2 b6 30. Qb4 Rcd8 31. Bb2 Rfe8 32. Qc3 Rd7 33. Rxd7 Qxd7 34. Qe3 Qd6 35. h4 Bb7 36. hxg5 Qc6 37. Re2 Rd8 38. Kf2 Rd1 39. Qc3 Qg2+ 40. Ke3 Qxg3# 0-1

[Event "FIDE World Uni Rapid-B 1st"]
[Site "Tornelo INT"]
[Date "2021.03.20"]
[Round "3"]
[White "Uuriintuya, Uurtsaikh"]
[Black "Grolleau, Matteo"]
[Result "1-0"]
[WhiteElo "2288"]
[BlackElo "1804"]
[PlyCount "41"]
[EventDate "2021.03.20"]
[EventType "swiss (rapid)"]
[EventRounds "12"]
[EventCountry "NET"]
[SourceTitle "CBM 201 Extra"]
[Source "ChessBase"]
[SourceDate "2021.05.31"]
[SourceVersion "1"]
[SourceVersionDate "2021.05.31"]
[SourceQuality "1"]

1. e4 e5 2. Nf3 Nf6 3. Nxe5 d6 4. Nf3 Nxe4 5. d4 Be7 6. Bd3 Nf6 7. 0-0 Bg4 8. Nbd2 d5 9. Re1 0-0 10. h3 Bh5 11. Nf1 Bd6 12. Bg5 Nbd7 13. Ne3 h6 14. Bh4 g5 15. Bg3 Bxg3 16. fxg3 c6 17. Nf5 g4 18. Qd2 Ne8 19. Qxh6 Qf6 20. Ne7+ Qxe7 21. Qh7# 1-0

[Event "FIDE World Uni Blitz-C 1st"]
[Site "Tornelo INT"]
[Date "2021.03.13"]
[Round "10.35"]
[White "Porras Romero, Kenneth"]
[Black "Uuriintuya, Uurtsaikh"]
[Result "0-1"]
[WhiteElo "1745"]
[BlackElo "2288"]
[PlyCount "86"]
[EventDate "2021.03.13"]
[EventType "swiss (blitz)"]
[EventRounds "10"]
[EventCountry "NET"]
[SourceTitle "EXT 2022"]
[Source "ChessBase"]
[SourceDate "2021.10.06"]
[SourceVersion "1"]
[SourceVersionDate "2021.10.06"]
[SourceQuality "1"]

1. e4 c5 2. Nf3 g6 3. d4 cxd4 4. Nxd4 Bg7 5. c4 Nc6 6. Be3 Nf6 7. Nc3 0-0 8. Be2 d6 9. 0-0 Bd7 10. f4 Nxd4 11. Bxd4 Bc6 12. Bf3 a5 13. Qd2 a4 14. Rae1 Nd7 15. Bxg7 Kxg7 16. e5 Qb6+ 17. Kh1 dxe5 18. fxe5 e6 19. Bxc6 Qxc6 20. Rf4 Rad8 21. Rh4 h5 22. Qg5 Rh8 23. Ne4 Qb6 24. Rf1 Qxb2 25. Qe7 Rhf8 26. Nd6 Nxe5 27. Qf6+ Kg8 28. Ne4 Nxc4 29. Rxh5 gxh5 30. Qh6 f5 31. Ng5 Qg7 32. Qxe6+ Kh8 33. Qxc4 Qxg5 34. Qxa4 Qg7 35. Qf4 Rd4 36. Qf3 f4 37. Qxh5+ Kg8 38. Qb5 Rfd8 39. Qb3+ Qf7 40. Qf3 Rd3 41. Qg4+ Qg7 42. Qe6+ Kh8 43. Qh3+ Rxh3 0-1

[Event "FISU World University KO"]
[Site "Tornelo INT"]
[Date "2020.10.29"]
[Round "1"]
[White "Uuriintuya, Uurtsaikh"]
[Black "Turar, Dastan"]
[Result "0-1"]
[WhiteElo "2288"]
[BlackElo "2229"]
[PlyCount "76"]
[EventDate "2020.10.29"]
[EventType "team-k.o. (rapid)"]
[EventRounds "4"]
[EventCountry "NET"]
[SourceTitle "CBM 199 Extra"]
[Source "ChessBase"]
[SourceDate "2021.01.31"]
[SourceVersion "1"]
[SourceVersionDate "2021.01.31"]
[SourceQuality "1"]
[WhiteTeam "Mongolia"]
[BlackTeam "Kazakhstan"]
[WhiteTeamCountry "MGL"]
[BlackTeamCountry "KAZ"]

1. e4 e6 2. d4 d5 3. Nd2 Be7 4. e5 c5 5. c3 Nc6 6. Bd3 Bd7 7. Ne2 cxd4 8. cxd4 Qb6 9. Nf3 Nb4 10. Nc3 Nxd3+ 11. Qxd3 Qa6 12. Qxa6 bxa6 13. a3 a5 14. Rb1 Rb8 15. Ke2 Nh6 16. h3 Nf5 17. g4 Nh4 18. Ne1 0-0 19. Nd3 Rfc8 20. Bd2 Rc4 21. b3 Rcc8 22. Na4 Bb5 23. Bxa5 Rc2+ 24. Bd2 Bg5 25. Rb2 Rbc8 26. Rhb1 Bxd2 27. Nac5 Rxb2 28. Rxb2 Bc3 29. Rc2 Bxd4 30. b4 Ng6 31. Kd2 Bxd3 32. Kxd3 Bxc5 33. bxc5 Nxe5+ 34. Kd4 Nc6+ 35. Kd3 Rb8 36. Kc3 Kf8 37. f4 Ke7 38. Rd2 Rb5 0-1

[Event "FISU World University"]
[Site "Tornelo INT"]
[Date "2020.10.28"]
[Round "9.2"]
[White "Torrijos Garcia, Borja"]
[Black "Uuriintuya, Uurtsaikh"]
[Result "1/2-1/2"]
[WhiteElo "2130"]
[BlackElo "2288"]
[PlyCount "118"]
[EventDate "2020.10.26"]
[EventType "team-swiss (rapid)"]
[EventRounds "9"]
[EventCountry "NET"]
[SourceTitle "CBM 199 Extra"]
[Source "ChessBase"]
[SourceDate "2021.01.31"]
[SourceVersion "1"]
[SourceVersionDate "2021.01.31"]
[SourceQuality "1"]
[WhiteTeam "Spain IV"]
[BlackTeam "Mongolia"]
[WhiteTeamCountry "ESP"]
[BlackTeamCountry "MGL"]

1. e4 c5 2. Nf3 Nc6 3. Bb5 d6 4. 0-0 Bd7 5. Re1 a6 6. Bf1 Nf6 7. c3 e5 8. h3 Be7 9. d4 0-0 10. Bg5 h6 11. Bxf6 Bxf6 12. dxc5 dxc5 13. Bc4 Qc7 14. Na3 Ne7 15. Nc2 Bc6 16. Bd5 Rad8 17. c4 b5 18. b3 g6 19. Qe2 Bg7 20. Rad1 Bd7 21. Rd2 Kh7 22. Red1 Ng8 23. Ne3 Nf6 24. Rd3 Nh5 25. R3d2 Nf4 26. Qf1 b4 27. Kh2 a5 28. Ng1 a4 29. g3 Nh5 30. Ne2 f5 31. exf5 gxf5 32. f4 exf4 33. Nxf4 Nxf4 34. gxf4 Rfe8 35. Qf3 Re7 36. Re2 Rde8 37. Rde1 Bc3 38. Rg1 Bd4 39. Rge1 Bf6 40. Rg1 Qd6 41. Rge1 Bg5 42. Ng2 Rxe2 43. Rxe2 Rxe2 44. Qxe2 Bxf4+ 45. Nxf4 Qxf4+ 46. Kh1 Qh4 47. Qg2 Qg5 48. Qf2 axb3 49. axb3 Qe7 50. Qg3 Qg7 51. Qd6 Qa1+ 52. Kh2 Qb2+ 53. Kh1 Qc1+ 54. Kh2 Qd2+ 55. Kh1 Qe1+ 56. Kh2 Qd2+ 57. Kh1 Qd1+ 58. Kh2 Qd2+ 59. Kh1 Qd1+ 1/2-1/2

[Event "Chennai Velammal (Women)"]
[Site "Chennai"]
[Date "2019.02.04"]
[Round "11"]
[White "Varshini, Veileven"]
[Black "Uuriintuya, Uurtsaikh"]
[Result "0-1"]
[WhiteElo "2171"]
[BlackElo "2314"]
[PlyCount "132"]
[EventDate "2019.01.28"]
[EventType "tourn"]
[EventRounds "11"]
[EventCountry "IND"]
[SourceTitle "CBM 188 Extra"]
[Source "ChessBase"]
[SourceDate "2019.02.26"]
[SourceVersion "1"]
[SourceVersionDate "2019.02.26"]
[SourceQuality "1"]

1. e4 c5 2. Nc3 g6 3. g3 Bg7 4. Bg2 Nc6 5. d3 d6 6. Be3 e6 7. Qd2 Rb8 8. Nge2 Nd4 9. Nd1 Ne7 10. Nc1 b6 11. c3 Ndc6 12. Bh6 Bf6 13. Ne2 Ne5 14. d4 Ng4 15. Bg5 Bg7 16. h3 Nf6 17. Bh6 0-0 18. Bxg7 Kxg7 19. Ne3 Bb7 20. d5 Qd7 21. g4 Rbe8 22. c4 h5 23. g5 Nh7 24. h4 exd5 25. cxd5 Qa4 26. b3 Qa6 27. 0-0 Bc8 28. f4 Bd7 29. f5 f6 30. Ng3 fxg5 31. Qb2+ Kh6 32. fxg6 Qd3 33. Rae1 Kxg6 34. e5 Rxf1+ 35. Bxf1 Qd4 36. Qc2+ Kh6 37. e6 gxh4 38. exd7 Rg8 39. Qf2 hxg3 40. Nf5+ Nxf5 41. Qxd4 Nxd4 42. Re8 Nf6 43. d8Q Nxe8 44. Bg2 Ne2+ 45. Kh1 Nf4 46. Qe7 Ng6 47. Qe3+ Kg7 48. Qxg3 h4 49. Qd3 Nf6 50. Qa6 Re8 51. Qxa7+ Kh6 52. Qa4 Kg5 53. Bf3 Nf4 54. Qa7 Re3 55. Qg7+ Kf5 56. Bd1 Re1+ 57. Kh2 Rxd1 58. Qf7 Rxd5 59. Qf8 Rd2+ 60. Kh1 h3 61. a3 Kg5 62. Qg7+ Ng6 63. b4 Ng4 64. Qa1 Rh2+ 65. Kg1 Rg2+ 66. Kf1 Ne3+ 0-1

[Event "Chennai Velammal (Women)"]
[Site "Chennai"]
[Date "2019.02.02"]
[Round "9"]
[White "Sapale, Saloni"]
[Black "Uuriintuya, Uurtsaikh"]
[Result "1/2-1/2"]
[WhiteElo "2198"]
[BlackElo "2314"]
[PlyCount "142"]
[EventDate "2019.01.28"]
[EventType "tourn"]
[EventRounds "11"]
[EventCountry "IND"]
[SourceTitle "CBM 188 Extra"]
[Source "ChessBase"]
[SourceDate "2019.02.26"]
[SourceVersion "1"]
[SourceVersionDate "2019.02.26"]
[SourceQuality "1"]

1. e4 c5 2. Nf3 Nc6 3. d4 cxd4 4. Nxd4 g6 5. Nc3 Bg7 6. Be3 Nf6 7. Bc4 Qa5 8. 0-0 0-0 9. Bb3 d6 10. h3 Bd7 11. Re1 Rfe8 12. Nf3 b5 13. a3 Rac8 14. Qe2 a6 15. Ng5 Rf8 16. f4 Qc7 17. Qf2 Qb7 18. Rad1 a5 19. Bc1 Ne8 20. Nd5 h6 21. Nf3 Rd8 22. Nh4 Kh7 23. f5 e6 24. Nb6 Ne5 25. Nxd7 Qxd7 26. Nf3 Qe7 27. Nxe5 Bxe5 28. Rf1 Bg7 29. c3 d5 30. Bc2 dxe4 31. Rxd8 Qxd8 32. Rd1 Qf6 33. fxg6+ Qxg6 34. Be3 Be5 35. Rd7 Nf6 36. Rb7 Rb8 37. Rxb8 Bxb8 38. Bd4 e5 39. Be3 Kg7 40. Qd2 Bc7 41. Qe2 Nh5 42. Qxb5 Nf4 43. Bxf4 exf4 44. Kf1 Qe6 45. Bb3 Qg6 46. Bc2 Qe6 47. Bb3 Qd6 48. Qc4 Qe7 49. Bc2 e3 50. Qd3 Qf6 51. Qh7+ Kf8 52. Qf5 Qh4 53. Qc8+ Bd8 54. g3 fxg3 55. Qc5+ Kg7 56. Qf5 Bc7 57. Bb3 Kf8 58. Bc2 Bd8 59. Qc5+ Kg7 60. Qf5 Bc7 61. Qg4+ Qxg4 62. hxg4 Kf6 63. Bd1 Be5 64. Kg2 Kg5 65. a4 Kf4 66. Be2 Ke4 67. b4 axb4 68. cxb4 Kd4 69. a5 f6 70. a6 Bb8 71. b5 Kc5 1/2-1/2

[Event "Chennai Velammal (Women)"]
[Site "Chennai"]
[Date "2019.02.01"]
[Round "7"]
[White "Michelle, Catherina P"]
[Black "Uuriintuya, Uurtsaikh"]
[Result "1-0"]
[WhiteElo "2175"]
[BlackElo "2314"]
[PlyCount "85"]
[EventDate "2019.01.28"]
[EventType "tourn"]
[EventRounds "11"]
[EventCountry "IND"]
[SourceTitle "CBM 188 Extra"]
[Source "ChessBase"]
[SourceDate "2019.02.26"]
[SourceVersion "1"]
[SourceVersionDate "2019.02.26"]
[SourceQuality "1"]

1. e4 c5 2. Nf3 d6 3. d4 cxd4 4. Nxd4 Nf6 5. Nc3 Nc6 6. Bg5 e6 7. Qd2 a6 8. 0-0-0 Bd7 9. f4 Be7 10. Be2 b5 11. Bxf6 gxf6 12. Nxc6 Bxc6 13. Bf3 Qa5 14. Kb1 h5 15. Rhe1 Rd8 16. Qe3 b4 17. Ne2 Qc5 18. Nd4 Bb7 19. Qe2 Rc8 20. Nb3 Qb6 21. Bxh5 Kf8 22. Nd4 Qa5 23. Bg4 Qb6 24. h3 a5 25. Qb5 Qa7 26. Qd3 Ba6 27. Qd2 Qb8 28. Be2 Bb7 29. Bf3 Ba6 30. e5 dxe5 31. Nc6 Qc7 32. fxe5 fxe5 33. Nxe5 Bb5 34. Bg4 Rh7 35. Qf2 Kg8 36. Bf3 Bf6 37. Nd3 Bh4 38. g3 Bxg3 39. Rg1 Rg7 40. Qe2 a4 41. Qd2 a3 42. b3 Bxd3 43. cxd3 1-0

[Event "Chennai Velammal (Women)"]
[Site "Chennai"]
[Date "2019.01.31"]
[Round "5"]
[White "Aakanksha, Hagawane"]
[Black "Uuriintuya, Uurtsaikh"]
[Result "1/2-1/2"]
[WhiteElo "2259"]
[BlackElo "2314"]
[PlyCount "92"]
[EventDate "2019.01.28"]
[EventType "tourn"]
[EventRounds "11"]
[EventCountry "IND"]
[SourceTitle "CBM 188 Extra"]
[Source "ChessBase"]
[SourceDate "2019.02.26"]
[SourceVersion "1"]
[SourceVersionDate "2019.02.26"]
[SourceQuality "1"]

1. e4 c5 2. Nf3 e6 3. d4 cxd4 4. Nxd4 Nc6 5. Nb5 d6 6. c4 Nf6 7. N1c3 a6 8. Na3 Be7 9. Be2 0-0 10. Be3 b6 11. 0-0 Bb7 12. Qb3 Ne5 13. f3 Ned7 14. Rfd1 Qc7 15. Rac1 Rac8 16. Qc2 Rfe8 17. Qd2 Qb8 18. Nc2 Bc6 19. b3 Ba8 20. Bf4 Ne5 21. Nb4 Bb7 22. Nd3 Ng6 23. Bg3 h5 24. Nf4 Ne5 25. Kh1 Bc6 26. a4 Rcd8 27. Nd3 h4 28. Bxh4 Nxe4 29. Qe1 Bxh4 30. Qxh4 Ng6 31. Qe1 Nc5 32. Rb1 Qc7 33. Qg3 Qe7 34. Nxc5 dxc5 35. Bd3 Nh4 36. Ne2 Rd7 37. Bc2 Red8 38. Rxd7 Rxd7 39. Rd1 Rxd1+ 40. Bxd1 Qd8 41. Bc2 g6 42. Qf4 e5 43. Qe3 Qf6 44. h3 Kg7 45. Ng3 Bb7 46. Be4 Bxe4 1/2-1/2

[Event "Chennai Velammal (Women)"]
[Site "Chennai"]
[Date "2019.01.31"]
[Round "6"]
[White "Uuriintuya, Uurtsaikh"]
[Black "Chandreyee, Hajra"]
[Result "1-0"]
[WhiteElo "2314"]
[BlackElo "1925"]
[PlyCount "67"]
[EventDate "2019.01.28"]
[EventType "tourn"]
[EventRounds "11"]
[EventCountry "IND"]
[SourceTitle "CBM 188 Extra"]
[Source "ChessBase"]
[SourceDate "2019.02.26"]
[SourceVersion "1"]
[SourceVersionDate "2019.02.26"]
[SourceQuality "1"]

1. e4 c6 2. c4 d5 3. cxd5 cxd5 4. exd5 Nf6 5. Nc3 Nxd5 6. Nf3 Nc6 7. Bb5 e6 8. 0-0 Be7 9. d4 0-0 10. Re1 Bd7 11. Bd3 Bf6 12. Be4 Nce7 13. Qd3 g6 14. Bg5 Bc6 15. h4 h5 16. Ne5 Bxg5 17. hxg5 Nxc3 18. bxc3 Bxe4 19. Qxe4 Nf5 20. Qxb7 Qxg5 21. Nxf7 Qf6 22. Ne5 Nxd4 23. Qb2 Nf5 24. Nd7 Qg5 25. Nxf8 Nh4 26. Qb7 Rxf8 27. Rxe6 Nf3+ 28. Kf1 Nd2+ 29. Ke1 Nc4 30. Rd1 Qf5 31. Re2 Kh8 32. Qd5 Qc8 33. Qd4+ Kh7 34. Qd7+ 1-0

[Event "Chennai Velammal (Women)"]
[Site "Chennai"]
[Date "2019.01.29"]
[Round "2"]
[White "Nakhbayeva, Guliskhan"]
[Black "Uuriintuya, Uurtsaikh"]
[Result "1-0"]
[WhiteElo "2336"]
[BlackElo "2314"]
[PlyCount "86"]
[EventDate "2019.01.28"]
[EventType "tourn"]
[EventRounds "11"]
[EventCountry "IND"]
[SourceTitle "CBM 188 Extra"]
[Source "ChessBase"]
[SourceDate "2019.02.26"]
[SourceVersion "1"]
[SourceVersionDate "2019.02.26"]
[SourceQuality "1"]

1. d4 Nf6 2. c4 g6 3. Nc3 Bg7 4. e4 d6 5. Be2 0-0 6. Be3 c5 7. d5 e6 8. Nf3 exd5 9. cxd5 Re8 10. Nd2 Na6 11. 0-0 Rb8 12. Qc2 Ng4 13. Bf4 Nb4 14. Qb3 b5 15. Nxb5 Ne5 16. a3 Bd7 17. Bxe5 Bxe5 18. a4 a6 19. Na3 Qf6 20. Nac4 Nxd5 21. Qf3 Nf4 22. Nxe5 Rxe5 23. b3 Bg4 24. Qxg4 Rg5 25. Qf3 Rxg2+ 26. Kh1 Qh4 27. Qg3 Qh6 28. Bc4 Rb7 29. Rad1 Rxg3 30. fxg3 Nh5 31. Rf3 a5 32. Nf1 Kg7 33. Ne3 Nf6 34. Rxd6 Nxe4 35. Nf5+ gxf5 36. Rxh6 Kxh6 37. Rxf5 Kg6 38. Re5 f5 39. g4 Nf2+ 40. Kg1 Nxg4 41. Rxc5 Rd7 42. Rxa5 Rd1+ 43. Kg2 Ne3+ 1-0

[Event "Asia-ch U20 Girls"]
[Site "Ulaanbaatar"]
[Date "2018.08.23"]
[Round "6"]
[White "Uuriintuya, Uurtsaikh"]
[Black "Ulziikhishigjargal, Ochirkhuyag"]
[Result "1-0"]
[WhiteElo "2313"]
[BlackElo "1858"]
[PlyCount "111"]
[EventDate "2018.08.19"]
[EventType "swiss"]
[EventRounds "9"]
[EventCountry "MGL"]
[SourceTitle "CBM 186 Extra"]
[Source "ChessBase"]
[SourceDate "2018.08.24"]
[SourceVersion "1"]
[SourceVersionDate "2018.08.24"]
[SourceQuality "1"]

1. e4 e5 2. Nf3 Nc6 3. Bb5 Nf6 4. d3 Bc5 5. 0-0 d6 6. c3 0-0 7. Re1 Bb6 8. Nbd2 Ne7 9. Nc4 c6 10. Nxb6 axb6 11. Bc4 Ng6 12. h3 h6 13. Bb3 Nh7 14. Be3 Ng5 15. Nxg5 hxg5 16. d4 Nf4 17. dxe5 dxe5 18. Qxd8 Rxd8 19. Rad1 Be6 20. Bxb6 Rxd1 21. Rxd1 Bxb3 22. axb3 Ra2 23. Rd2 Ra1+ 24. Kh2 Re1 25. Rd8+ Kh7 26. Be3 f6 27. Rd7 b5 28. Rd6 Rb1 29. Rd2 Re1 30. g3 Ne2 31. b4 Nc1 32. Rd6 Na2 33. Kg2 Rb1 34. Rd2 Kg6 35. Kf3 Kf7 36. Kg4 g6 37. Rc2 Ke6 38. f4 exf4 39. gxf4 Re1 40. f5+ gxf5+ 41. exf5+ Kd5 42. Bf2 Re4+ 43. Kh5 Rf4 44. Kg6 Ke4 45. Rd2 Nc1 46. Bg1 Rf1 47. Bb6 Nd3 48. Re2+ Kf4 49. Kxf6 g4 50. hxg4 Kxg4 51. Rg2+ Kf3 52. Rd2 Nf4 53. Ke5 Nd5 54. Bd4 Kg4 55. Rg2+ Kf3 56. Rg1 1-0

[Event "Asia-ch U20 Girls"]
[Site "Ulaanbaatar"]
[Date "2018.08.21"]
[Round "4"]
[White "Uuriintuya, Uurtsaikh"]
[Black "Chitlange, Sakshi"]
[Result "1-0"]
[WhiteElo "2313"]
[BlackElo "2144"]
[PlyCount "67"]
[EventDate "2018.08.19"]
[EventType "swiss"]
[EventRounds "9"]
[EventCountry "MGL"]
[SourceTitle "CBM 186 Extra"]
[Source "ChessBase"]
[SourceDate "2018.08.24"]
[SourceVersion "1"]
[SourceVersionDate "2018.08.24"]
[SourceQuality "1"]

1. e4 c6 2. c4 d5 3. exd5 cxd5 4. cxd5 Nf6 5. Nc3 Nxd5 6. Nf3 Nxc3 7. bxc3 g6 8. d4 Bg7 9. Bc4 0-0 10. 0-0 Qc7 11. Qb3 Nc6 12. Bd5 Na5 13. Qb4 e6 14. Be4 Bd7 15. Bg5 Bc6 16. Nd2 h6 17. Be7 Bxe4 18. Bd6 Nc6 19. Qa3 Qd8 20. Nxe4 Re8 21. Rad1 Qa5 22. Qb3 Qd5 23. Rfe1 Na5 24. Qb4 b6 25. Be5 Qxa2 26. Bxg7 Kxg7 27. d5 Nb7 28. f4 f5 29. Nd6 Nxd6 30. Qxd6 Rad8 31. Qc7+ Kh8 32. Rxe6 Qa4 33. Rde1 Rg8 34. Re7 1-0

[Event "Asia-ch U20 Girls"]
[Site "Ulaanbaatar"]
[Date "2018.08.20"]
[Round "2"]
[White "Uuriintuya, Uurtsaikh"]
[Black "Udval, Batkhishig"]
[Result "1-0"]
[WhiteElo "2313"]
[BlackElo "1608"]
[PlyCount "97"]
[EventDate "2018.08.19"]
[EventType "swiss"]
[EventRounds "9"]
[EventCountry "MGL"]
[SourceTitle "CBM 186 Extra"]
[Source "ChessBase"]
[SourceDate "2018.08.24"]
[SourceVersion "1"]
[SourceVersionDate "2018.08.24"]
[SourceQuality "1"]

1. e4 e6 2. d4 d5 3. Nd2 dxe4 4. Nxe4 Nd7 5. Nf3 Ngf6 6. Bd3 Nxe4 7. Bxe4 Nf6 8. Bg5 Be7 9. Bd3 c5 10. Qd2 cxd4 11. Nxd4 Bc5 12. Nf3 0-0 13. 0-0 b6 14. Rad1 Bb7 15. Qf4 Qe7 16. Ne5 Rfd8 17. Ng4 Rd4 18. Nxf6+ gxf6 19. Qxf6 Qxf6 20. Bxf6 Rd6 21. c3 Rc6 22. Be4 Rc7 23. Bd8 Bxe4 24. Bxc7 Bd5 25. b3 Rc8 26. Be5 Be7 27. c4 Bc6 28. Rd3 f6 29. Bd6 Bd8 30. b4 Kf7 31. Rh3 Be4 32. c5 Kg7 33. Ra3 a5 34. cxb6 Bxb6 35. bxa5 Ba7 36. Bf4 e5 37. Be3 Bb8 38. Rc1 Rxc1+ 39. Bxc1 Bd6 40. Rc3 Kf7 41. a6 Ke6 42. f3 Bd5 43. a7 Kd7 44. Rd3 Bc5+ 45. Be3 Bxe3+ 46. Rxe3 Kc7 47. Rb3 Bc6 48. Rc3 Kb7 49. Rxc6 1-0

[Event "Vojvodina op 9th"]
[Site "Novi Sad"]
[Date "2018.07.22"]
[Round "2"]
[White "Uuriintuya, Uurtsaikh"]
[Black "Batsuren, Dambasuren"]
[Result "0-1"]
[WhiteElo "2158"]
[BlackElo "2321"]
[PlyCount "46"]
[EventDate "2018.07.22"]
[EventType "swiss"]
[EventRounds "9"]
[EventCountry "YUG"]
[SourceTitle "CBM 185 Extra"]
[Source "ChessBase"]
[SourceDate "2018.07.29"]
[SourceVersion "1"]
[SourceVersionDate "2018.07.29"]
[SourceQuality "1"]

1. e4 e5 2. Nf3 Nc6 3. Bc4 Bc5 4. c3 Nf6 5. d3 0-0 6. Bb3 d5 7. Qe2 dxe4 8. dxe4 Qe7 9. Bg5 h6 10. Bh4 g5 11. Bg3 Bg4 12. Nbd2 Nh5 13. Bd5 Nf4 14. Bxf4 exf4 15. 0-0-0 Ne5 16. h3 Bh5 17. g4 fxg3 18. fxg3 c6 19. Bb3 Rad8 20. Bc2 Rxd2 21. Qxd2 Bxf3 22. Rdf1 Bxh1 23. Rxh1 Qf6 0-1

[Event "Paracin Summer op-A 11th"]
[Site "Paracin"]
[Date "2018.07.13"]
[Round "9"]
[White "Kosic, Dragan"]
[Black "Uuriintuya, Uurtsaikh"]
[Result "1-0"]
[WhiteElo "2463"]
[BlackElo "2158"]
[PlyCount "119"]
[EventDate "2018.07.06"]
[EventType "swiss"]
[EventRounds "9"]
[EventCountry "SRB"]
[SourceTitle "CBM 185 Extra"]
[Source "ChessBase"]
[SourceDate "2018.07.29"]
[SourceVersion "1"]
[SourceVersionDate "2018.07.29"]
[SourceQuality "1"]

1. d4 Nf6 2. Nf3 g6 3. c4 Bg7 4. Nc3 0-0 5. e4 d6 6. Be2 Na6 7. 0-0 e5 8. Be3 Ng4 9. Bg5 Qe8 10. h3 exd4 11. Nxd4 Nf6 12. Bd3 Nc5 13. Re1 Ne6 14. Be3 Bd7 15. Nf3 a6 16. a4 c5 17. a5 Bc6 18. Bc2 Qd8 19. Qd2 b5 20. axb6 Qxb6 21. Nd5 Qb7 22. Ra2 Rfe8 23. Rb1 Nf8 24. Bh6 N8d7 25. Bxg7 Kxg7 26. Qc3 Bxd5 27. cxd5 Qb4 28. Nd2 a5 29. Rba1 Nb6 30. f3 Re7 31. Ba4 Rb8 32. Bc6 a4 33. Qxb4 cxb4 34. Bxa4 Nxa4 35. Rxa4 Rc7 36. b3 Rc3 37. Ra6 Rd3 38. R1a2 Ne8 39. Kf2 h6 40. h4 f5 41. Ra7+ Kf6 42. Ke2 Rc3 43. Ra8 Rcc8 44. Rxb8 Rxb8 45. Nc4 fxe4 46. fxe4 g5 47. hxg5+ Kxg5 48. Kd3 h5 49. Ra6 Rd8 50. Rb6 Kf4 51. Rxb4 Nf6 52. Rb7 Ng4 53. Rh7 Rb8 54. Rxh5 Rxb3+ 55. Kd4 Rb4 56. Rf5+ Kg3 57. Kc3 Ra4 58. Nxd6 Kxg2 59. Nc4 Nf2 60. Kd4 1-0